Nome degli abitanti degli Stati - Statistics

Statistiche generali
  • Questo quiz è stato fatto 133 volte
  • Il punteggio medio è 112 su 194
Statistiche sulle risposte
Stato Nome degli abitanti % Corretto
Albania Albanesi
99%
Algeria Algerini
98%
Afghanistan Afgani
95%
Argentina Argentini
94%
Armenia Armeni
93%
Australia Australiani
93%
Austria Austriaci
93%
Belgio Belgi
88%
Bielorussia Bielorussi
85%
Brasile Brasiliani
85%
Cina Cinesi
85%
Francia Francesi
84%
Bosnia ed Erzegovina Bosniaci
83%
Colombia Colombiani
83%
Lituania Lituani
83%
Bolivia Boliviani
82%
Bulgaria Bulgari
82%
Canada Canadesi
82%
Cuba Cubani
82%
Grecia Greci
82%
Italia Italiani
82%
Marocco Marocchini
82%
Germania Tedeschi
82%
Cile Cileni
81%
Croazia Croati
81%
Filippine Filippini
81%
Giappone Giapponesi
81%
Malta Maltesi
81%
Cambogia Cambogiani
80%
Danimarca Danesi
80%
Egitto Egiziani
80%
Estonia Estoni
80%
Georgia Georgiani
80%
Giamaica Giamaicani
80%
India Indiani
80%
Lettonia Lettoni
80%
Moldavia Moldavi
80%
Repubblica Dominicana Dominicani
79%
Etiopia Etiopi
79%
Finlandia Finlandesi
79%
Indonesia Indonesiani
79%
Iran Iraniani
79%
Irlanda Irlandesi
79%
Messico Messicani
79%
Mongolia Mongoli
79%
Nigeria Nigeriani
79%
Paesi Bassi Olandesi
79%
Polonia Polacchi
79%
Portogallo Portoghesi
79%
Russia Russi
79%
Arabia Saudita Sauditi
79%
Israele Israeliani
78%
Macedonia del Nord Macedoni
78%
Birmania Birmani
77%
Islanda Islandesi
77%
Libano Libanesi
77%
Romania Rumeni
77%
Serbia Serbi
77%
Norvegia Norvegesi
76%
Perù Peruviani
76%
Senegal Senegalesi
76%
Spagna Spagnoli
76%
Ghana Ghanesi
75%
Giordania Giordani
75%
Slovacchia Slovacchi
75%
Turchia Turchi
75%
Angola Angolani
74%
Iraq Iracheni
74%
Corea del Nord Nordcoreani
74%
Slovenia Sloveni
74%
Corea del Sud Sudcoreani
74%
Svizzera Svizzeri
74%
Repubblica Ceca Cechi
73%
Malaysia Malesi
73%
Montenegro Montenegrini
73%
Pakistan Pakistani
73%
Siria Siriani
73%
Ucraina Ucraini
73%
Lussemburgo Lussemburghesi
72%
Sudafrica Sudafricani
72%
Svezia Svedesi
72%
Thailandia Thailandesi
72%
Tunisia Tunisini
72%
Venezuela Venezuelani
72%
Kazakistan Kazaki
71%
Libia Libici
70%
Nepal Nepalesi
70%
Somalia Somali
70%
Vietnam Vietnamiti
70%
Haiti Haitiani
69%
Liberia Liberiani
69%
Sudan Sudanesi
69%
Ungheria Ungheresi
69%
Camerun Camerunesi
68%
Cipro Ciprioti
65%
Uganda Ugandesi
65%
Azerbaigian Azeri
64%
Repubblica Democratica del Congo | Repubblica del Congo Congolesi
64%
Gambia Gambiani
64%
Paraguay Paraguaiani
64%
Uruguay Uruguaiani
64%
Turkmenistan Turkmeni
63%
Uzbekistan Uzbeki
63%
Ecuador Ecuadoriani
62%
Mauritania Mauritani
62%
Nuova Zelanda Neozelandesi
62%
Eritrea Eritrei
61%
Sudan del Sud Sudsudanesi
61%
Gabon Gabonesi
59%
Namibia Namibiani
59%
Andorra Andorrani
58%
Ruanda Ruandesi
58%
Stati Uniti Statunitensi
58%
Kenya Kenioti
56%
Panama Panamensi
55%
Tagikistan Tagiki
54%
Città del Vaticano Vaticani
54%
Costa Rica Costaricani
53%
Figi Figiani
53%
Regno Unito Britannici
52%
Capo Verde Capoverdiani
52%
Micronesia Micronesiani
52%
Samoa Samoani
52%
Mali Maliani
51%
Zambia Zambiani
51%
Gibuti Gibutiani
50%
Repubblica Centrafricana Centrafricani
49%
Guyana Guyanesi
49%
Maldive Maldiviani
49%
Guinea Guineani
48%
Niger Nigerini
47%
Yemen Yemeniti
47%
Botswana Botswani
45%
Honduras Honduregni
45%
Costa d'Avorio Ivoriani
45%
Monaco Monegaschi
45%
Bhutan Bhutanesi
44%
Burundi Burundesi
44%
Grenada Grenadini
43%
Qatar Qatarioti
43%
Bangladesh Bengalesi
42%
Singapore Singaporiani
42%
Tanzania Tanzaniani
42%
Suriname Surinamesi
41%
Belize Beliziani
40%
El Salvador Salvadoregni
40%
Benin Beninesi
38%
Comore Comoriani
38%
Ciad Ciadiani
36%
Guatemala Guatemaltechi
36%
Mozambico Mozambicani
36%
Isole Marshall Marshallesi
35%
Papua Nuova Guinea Papuani
34%
Madagascar Malgasci
33%
Nicaragua Nicaraguensi
33%
Tonga Tongani
33%
San Marino Sammarinesi
32%
Laos Laotiani
31%
Isole Salomone Salomonesi
31%
Bahamas Bahamensi
30%
Kuwait Kuwaitiani
30%
Lesotho lesothiani
30%
Zimbabwe Zimbabwesi
30%
Emirati Arabi Uniti Emiratini
25%
Sri Lanka Cingalesi
24%
Sierra Leone Sierraleonesi
24%
Brunei Bruneiani
23%
Togo Togolesi
23%
Mauritius Mauriziani
22%
Oman Omaniti
22%
Seychelles Seychellesi
22%
Tuvalu Tuvaluani
20%
Kirghizistan Kirghisi
19%
Liechtenstein Liechtensteiniani
19%
Nauru Nauruani
17%
Barbados Barbadiani
16%
eSwatini Swati
16%
Trinidad e Tobago Trinidadiani
15%
Burkina Faso Burkinabé
14%
Vanuatu Vanuatiani
14%
Saint Kitts e Nevis Nevisiani
12%
Timor Est Est-Timoresi
11%
Saint Lucia Santaluciani
11%
Dominica Dominicensi
10%
Guinea Equatoriale Equatoguineani
10%
Bahrein Bahreiniti
9%
Palau Paluani
8%
Kiribati Gilbertesi
7%
Guinea-Bissau Guineensi
7%
Saint Vincent e Grenadine Sanvincentini
7%
Antigua e Barbuda Antiguo-barbudani
6%
São Tomé e Príncipe Saotomensi
6%
Malawi Malawaiani
3%
Nessun quiz corrispondente trovato
Distribuzione punteggi
Percentuale di utenti per punteggio
Percentile per numero di risposta
I tuoi punteggi nel tempo
Non hai fatto questo quiz